Fifa U21 world cup winners - Statistics

General Stats
  • This quiz has been taken 107 times
    49 since last reset
  • The average score is 19 of 22
Answer Stats
Hint Answer % Correct
1983 Brazil
98%
1985 Brazil
98%
1993 Brazil
98%
2003 Brazil
98%
2011 Brazil
98%
1979 Argentina
95%
1995 Argentina
95%
1997 Argentina
95%
2001 Argentina
95%
2005 Argentina
95%
2007 Argentina
95%
2017 England
95%
1999 Spain
95%
2013 France
93%
1981 West Germany
91%
1989 Portugal
89%
1991 Portugal
89%
1977 Soviet Union
64%
2015 Serbia
61%
1987 Yugoslavia
59%
2019 Ukraine
55%
2009 Ghana
39%
No matching quizzes found
Score Distribution
Percent of People with Each Score
Percentile by Number Answered
Your Score History
You have not taken this quiz since the last reset